| 000 | 01030nam1a22002891i 4500 | ||
|---|---|---|---|
| 001 | v19\rc\1746951 | ||
| 005 | 20260407121936.0 | ||
| 035 | _a(NLR Aleph) 004852184 | ||
| 090 |
_a4932044 _c4932044 |
||
| 100 | _a20061204d1902 |||a0rusy50 ca | ||
| 101 | 0 | _arus | |
| 102 | _aRU | ||
| 105 | _a z ||||| | ||
| 200 | 1 |
_aНаставление для обучения стрельбе 1899 г. _eЧ. 1 |
|
| 205 | _aНеофиц. изд. | ||
| 210 |
_aСанкт-Петербург _cВ. Березовский _d1902 |
||
| 215 | _d15 | ||
| 532 | 1 | 1 | _aНаставление для обучения стрельбе тысяча восемьсот девяносто девятого года |
| 740 | 1 |
_aРоссия _tВоенные уставы и наставления _3RU\NLR\AUTH\889957977 _9412039 |
|
| 801 | 0 |
_aRU _bNLR _gpsbo |
|
| 801 | 0 |
_aRU _bRuMoRGB _2psbo |
|
| 801 | 1 |
_aRU _bProSoft-M _2rusmarc |
|
| 852 |
_aNLR _j18.4.9.69 |
||
| 899 |
_aRuMoRGB _jA 236/392 |
||
| 899 |
_aRuMoRGB _jΔ 88/54 |
||
| 899 | _aБАН | ||
| 942 | _cBOOK | ||